Virāṇī. (Record no. 77037)

MARC details
000 -LEADER
fixed length control field 00628cam a22002291 4500
001 - CONTROL NUMBER
control field sa 68000220
003 - CONTROL NUMBER IDENTIFIER
control field DLC
005 - DATE AND TIME OF LATEST TRANSACTION
control field 20260227112421.0
008 - FIXED-LENGTH DATA ELEMENTS--GENERAL INFORMATION
fixed length control field 870328s1967 ii a 000 0 mar
010 ## - LIBRARY OF CONGRESS CONTROL NUMBER
LC control number sa 68000220
035 ## - SYSTEM CONTROL NUMBER
System control number (OCoLC)15389725
040 ## - CATALOGING SOURCE
Original cataloging agency DLC
Transcribing agency NRU
Modifying agency NRU
-- DLC
042 ## - AUTHENTICATION CODE
Authentication code premarc
043 ## - GEOGRAPHIC AREA CODE
Geographic area code a-ii---
050 00 - LIBRARY OF CONGRESS CALL NUMBER
Classification number DS414
Item number .D444
100 1# - MAIN ENTRY--PERSONAL NAME
Personal name Desai, Mrinalini,
Dates associated with a name 1926-
245 10 - TITLE STATEMENT
Title Virāṇī.
Statement of responsibility, etc. Lekhika Mr̥ṇālinī Desāī.
260 ## - PUBLICATION, DISTRIBUTION, ETC.
Place of publication, distribution, etc. [Puṇe]
Name of publisher, distributor, etc. Manohara Granthamālā
Date of publication, distribution, etc. [1967]
300 ## - PHYSICAL DESCRIPTION
Extent 15, 183 p.
Other physical details illus.
Dimensions 18 cm.
500 ## - GENERAL NOTE
General note In Marathi.
651 #0 - SUBJECT ADDED ENTRY--GEOGRAPHIC NAME
Geographic name India
General subdivision Description and travel.

No items available.

Powered by Koha